| 000 | 00666nam a22001337a 4500 | ||
|---|---|---|---|
| 040 | _cRUA | ||
| 082 | _aAGR CHA 2015 B644 Or.1 | ||
| 100 | _aCHAM REOUN PIDOR ចំរើន ពិដោរ | ||
| 245 | _acomparison rates of urea fertilizer on cauliflower ( Brassicaoler var. botrytis ) in kbal koh vegetable station ប្រៀបធៀបកម្រិតជីអាសូតផ្សេងៗគ្នាទៅលើខាត់ណាផ្កានៅស្ថានីយពិសោធន៏ពូជបន្លែក្បាលកោះ | ||
| 260 |
_aRUA _bphnom penh _c2015 |
||
| 300 |
_aix;36p _bill; _c29cm |
||
| 856 | _uCHAM REOUN PIDOR | ||
| 942 | _cAGR | ||
| 999 |
_c18164 _d18164 |
||